Manual de arte cristiano

Guardat en:
Dades bibliogràfiques
Autor principal: Basset, A. B (Autor)
Format: Llibre
Idioma:espanyol
Publicat: Bogotá San Juan Eudes 1939
Matèries:
Etiquetes: Afegir etiqueta
Sense etiquetes, Sigues el primer a etiquetar aquest registre!

MARC

LEADER 00000nam a2200000 a 4500
001 UCZ8179
003 CL-VaPUC
008 960119e19390000CK |||||||||||||||||spa|d
082 0 4 |a 704.948  |b BAS  |2 21 
100 0 |a Basset, A. B  |e author  |9 353386 
245 1 0 |a Manual de arte cristiano 
300 |a 405 p 
942 |c BK 
945 |d 19960119 00:00:00  |a rleighto 
260 |a Bogotá  |b San Juan Eudes  |c 1939 
650 0 |a Arte religioso  |9 330545 
650 7 |a ESCULTURA RELIGIOSA  |2 CL-VaPUC  |9 353387 
650 7 |a PINTURA RELIGIOSA  |2 CL-VaPUC  |9 340359 
650 0 |a Arquitectura religiosa  |9 266677 
583 |a last modification  |c 19960119 00:00:00  |k Rodrigo Vera 
999 |c 244129  |d 244127 
952 |0 0  |1 0  |4 0  |6 704_948000000000000_BAS_1939  |7 0  |8 A  |9 258085  |a BIBART  |b BIBART  |d 2019-11-19  |i 3168050  |o 704.948 BAS 1939  |p 3168050  |r 2025-03-13  |w 2019-11-19  |y BK  |k ART